00298nam a2200109Ia 4500008004100000100001700041245005900058260004100117300000800158942000700166999001500173190216s9999||||xx |||||||||||||| ||und|| aVasant Desai 0aDynamics Of Entrepreneurial Development And Management bPrentice Hall Of India Pvt Ltdc1996 a59p cBK c5916d5916